000
00353nam a2200169Ia 4500
003
0STCL
008
150530s9999 xx 000 0 und d
040
_a
STCL
_c
STCL
100
_a
Gosse, E.
245
_a
Gray
250
_a
First
260
_b
Macmillan
_c
1916
546
_a
English
942
_2
ddc
_c
BK
999
_c
61329
_d
61329
005
20220125171149.0